| 000 | 00481nam a2200157Ia 4500 | ||
|---|---|---|---|
| 008 | 170221s9999 xx 000 0 und d | ||
| 100 | _aFerruh Yılmaz | ||
| 245 | _aIdeology at Work in (the Production of) the News on Ethnic Minorities | ||
| 245 | _cFerruh Yılmaz | ||
| 260 | _bStudies in Media and Communication | ||
| 260 | _c2014 | ||
| 300 | _a2 : 1 | ||
| 650 | _xCommunication | ||
| 650 | _xMedia Arts | ||
| 856 | _uhttp://redfame.com/journal/index.php/smc/issue/view/13 | ||
| 999 |
_c307167 _d307167 |
||